Normal view
MARC view
- Supervisor : Dr. Samiur Rahman Shah
Entry Personal Name
001 - CONTROL NUMBER
- control field: 120102
003 - CONTROL NUMBER IDENTIFIER
- control field: NUST
005 - DATE AND TIME OF LATEST TRANSACTION
- control field: 20240125151524.0
008 - FIXED-LENGTH DATA ELEMENTS
- fixed length control field: 240125|| aca||aabn | a|a d
040 ## - CATALOGING SOURCE
- Original cataloging agency: NUST
- Transcribing agency: NUST
100 ## - HEADING--PERSONAL NAME
- Personal name: Supervisor : Dr. Samiur Rahman Shah
670 ## - SOURCE DATA FOUND
- Source citation: Work cat.: (NUST)541107: Malik, Waqas Ahmed 35438, Development of an Engine Cylinder Head Flow Bench /, 2016.
